Optimalizácia neproporcionálneho zaistenia diplomová práca

Guardado en:
Detalles Bibliográficos
Autor principal: Danková, Veronika
Autor Corporativo: Fakulta hospodárskej informatiky EU. Katedra matematiky a aktuárstva
Otros Autores: Slaninka, František, 1973-
Formato: Libro
Lenguaje:eslovaco
Publicado: Bratislava 2018
Etiquetas: Agregar Etiqueta
Sin Etiquetas, Sea el primero en etiquetar este registro!

MARC

LEADER 00000nbm a2200000 4500
001 0243500
005 20180925080652.4
041 0 |a slo 
044 |a SK 
245 1 0 |a Optimalizácia neproporcionálneho zaistenia  |b diplomová práca  |c Veronika Danková ; školiteľ: František Slaninka 
264 1 |a Bratislava  |c 2018 
300 |a 71 s. 
100 1 |a Danková, Veronika 
700 1 |a Slaninka, František, 1973- 
710 2 |a Fakulta hospodárskej informatiky EU. Katedra matematiky a aktuárstva